| 000 | 00309nam a22001097a 4500 | ||
|---|---|---|---|
| 008 | 170104b xxu||||| |||| 00| 0 eng d | ||
| 020 | _a9780826114471 | ||
| 041 | _aeng | ||
| 080 |
_25th ed. _a618.2 |
||
| 245 |
_aComplementary Alternative Therapies in Nursing _cSnyder, M & Lindquist, R |
||
| 942 |
_2udc _cBK _e5th ed. |
||
| 999 |
_c2522 _d2522 |
||